Regionálna literatúra v Novohradskej knižnici bibliografia knižných publikácií

Bibliographic Details
Main Author: Nagyová, Zora, 1957- (Compiler)
Format: Book
Language:Slovak
PhysicalDescription:143 s. 21x15 cm
Published: Lučenec Novohradská knižnica 1997
ISBN:8085142147
Subjects:

MARC

LEADER 00000nam a2200000 a 4500
001 vtls001329649
003 SK-MaSNL
005 20260331203249.0
008 240226sm y0 xo r y slo
015 |a SNBSAB1997-00128 
020 |a 8085142147 
035 |a SNK000282503 
035 |a urn:nbn:sk:snk-amkhnu 
035 |a urn:nbn:sk:snk-am008gr9 
035 |a 9D6593BB-45A1-4558-A412-FD11AFC977CB 
040 |a SNK  |b slo  |c SNK  |e AACR2 
041 0 |a slo 
044 |a xo  |c SK 
080 |a 015(437.648):017.092  |2 1981 
080 |a 017.092  |2 1981 
100 1 |a Nagyová, Zora,  |d 1957-  |4 zos  |9 166127 
245 1 0 |a Regionálna literatúra v Novohradskej knižnici  |b bibliografia knižných publikácií  |c [zostavila: Zora Nagyová] 
260 |a Lučenec  |b Novohradská knižnica  |c 1997 
300 |a 143 s.  |c 21x15 cm 
500 |a Údaj o zost. je prevzatý z tiráže 
500 |a 40 výt. 
504 |a Reg. men., názv. a predm. Lit. 455 zázn. o kn. v maď. a slov. 
610 2 7 |a Novohradská knižnica (Lučenec, Slovensko)  |2 SNK  |9 33811 
655 7 |a neperiodické bibliografie  |2 SNK  |9 60408 
919 |a 80-85142-14-7 
958 |a RM 
958 |a SF 
958 |a RG 
999 |c 804397  |d 806327 
952 |t P60, <03>, [BOOK], {603}  |a SNK  |b SNK  |y PREZ  |7 0  |p 17A0138300  |o snkSC 95692  |i snkKSP 5042/98  |0 0  |1 0  |4 0  |d 1998-05-06  |f 1  |l 0  |r 2025-09-12 00:00:00  |w 2026-02-24 
952 |t P60, <04>, [BOOK], {604}  |a SNK  |b SNK  |y VYP  |7 0  |p 17A0141752  |o snkSC 95692 D1  |i snkKSP 5708/98  |0 0  |1 0  |4 0  |d 1998-06-01  |l 0  |r 2005-01-02 00:00:00  |w 2026-02-24